000 00492nam a2200169 4500
001 116643
003 ES-MaACL
005 20230906190737.0
007 t|
008 061121s1968 sp r ||||1| spa d
100 1 _aParuillez, Alphonse de.
_989297
245 1 0 _aConfianza /
_cAlphonse de Paruillez ; [traducción por José Vila Selma].
260 _aMadrid :
_bFax,
_c1968.
300 _a282 p. ;
_c17 cm.
700 0 _aVila Selma, José.
_9114738
852 _aES-MaACL
_jC-36848
_bR.67124
999 _c116643
_d116643